00699nam a2200205Ia 4500022001300000040000800013082002600021245005400047260006800101300003600169490002100205500008000226500003400306650002300340650001700363650002600380650002000406700002000426710004700446 a03031179 cNDD a510 MAT 1982 C260 Or.00aAnalyse et topologie sur les espaces singuliers /0 aParis :bSoci©♭t©♭ math©♭matique de France,c1982-1983 a3 pts. in 2 v. :bill. ;c25 cm1 aAst©♭risque ; aNotes on the Luminy conference, C.I.R.M., Marseille-Luminy, July 6-10, 1981 aArticles in English or French 0aAlgebraic topology 0aSheaf theory 0aBernstein polynomials 0aHomology theory10aBeilinson, A. A20aSoci©♭t©♭ math©♭matique de France